| 000 | 00854cam0a220022900 4500 | ||
|---|---|---|---|
| 001 | qcf00192015 | ||
| 005 | 20190823112739.0 | ||
| 008 | 831115s1952 fr a 000 0 fre d | ||
| 035 | _a(Sirsi) r101144 | ||
| 035 | _a(QCAT)lss03935605 | ||
| 035 | _a(UPRA)qcf00192015 | ||
| 040 | _dUPRA | ||
| 100 | 1 |
_aSchweitzer, Albert, 1875-1965. _dSchweitzer, Albert, 1875-1965. _6A11184.1 |
|
| 245 | 1 | 0 |
_aA l'oree de la for^et vierge : _brecits et reflexions d'un medecin en Afrique equatoriale francaise. |
| 250 | _aNouv. ed. | ||
| 260 |
_aParis : _bA. Michel, _c[1952] |
||
| 500 | _aTranslation of Zwischen Wasser und Urwald. | ||
| 650 | 0 |
_aMissions -- Gabon. _zMissions -- Gabon. _6S45651.1 |
|
| 651 | 0 |
_aGabon -- Description and travel. _xGabon -- Description and travel. _6S40210.1 |
|
| 949 |
_aBV3625 _wlcc _i-144090 _mMAIN _tBOOK _lON-SHELF |
||
| 004 | 101144 | ||
| 999 |
_c153650 _d153650 |
||